000 01052nam a22003377a 4500
003 CHAP
005 20220329133332.0
008 971013s1989 r 00010 d
010 _a5074
011 _a6046
035 _a5264
040 _cCHAP
090 _aFolleto 13473
100 0 0 _aMaiti Maiti, Ratikanta.
_969935
245 _aMétodo para el estudio de la anatomía de la madera
260 _aMonterrey, N.L. :
_bUANL. Facultad de Ciencias Biológicas,
_c1989
300 _a8 p.
_b: ilus.
490 _aBot. Fol.
_v; 2
500 _a56-12
590 _aBATCH-UPD
_b10
_c20130110
_lUCH01
_h0053
590 _aBATCH-UPD
_b10
_c20130110
_lUCH01
_h1941
590 _aBATCH-UPD
_b10
_c20130409
_lUCH01
_h2041
590 _aBATCH-UPD
_b10
_c20130914
_lUCH01
_h1738
590 _aCONVERSION
_b10
_c20130109
_lUCH01
_h1304
650 1 4 _aMadera
_xEstructura.
_969607
700 0 _aRodríguez Canizales, Martín.
_998355
830 0 _aBot. Fol.
_v; 2
_914446
901 _aBK
942 _cFOLL
949 _aFolleto 13473
_bBC
_cFOLL
_d-14833
_eTS1
_i5264
_mD
_si
999 _c5074
_d5074